000 00642nas a2200217 4500
001 BR8404402
003 BR-BrBNA
005 20231205085955.0
007 ta
008 230509b bl.|||p| |||| 00| 00por d
040 _aBR-BrBNA
_bpor
_cBiblioteca Nacional de Agricultura
041 _a(Pt)
072 _aH20
100 1 _aMasuda, Y.
245 1 _aControle de raquitismo - da soqueira [cana de acucar]
650 _aCANA DE ACUCAR
650 _aRAQUITISMO DAS SOQUEIRAS
773 0 _tAlcool e Acucar (Brazil)
_xISSN 0101-8566
_g(1984), v. 14(18) p. 38-40
_wBR8404402
909 _a202311
_bLúcia
_c55
_dLúcia Elande
942 _2AGRIS
_n0
_cANA
999 _c115231
_d115231